000 00577nam a2200181 4500
001 107783
003 ES-MaACL
005 20230906184505.0
007 t|
008 061121s1968 sp r ||||1| spa d
100 1 _aMotte, M.
_983836
245 1 3 _aEl cerdo
_b: explotación /
_cM. Motte; edición revisada y ampliada de R. Pouzet; versión de Julio Gallego García.
260 _aMadrid :
_bMundi-Prensa,
_c1968.
300 _a315 p. :
_bil. ;
_c22 cm.
700 1 _aPouzet, R.
_993478
700 1 _aGallego García, Julio.
_953566
852 _aES-MaACL
_jC-46867
_bR.66515
999 _c107783
_d107783